000 00578nam a22002297a 4500
003 UA-OsUOA
001 124441
007 ta
008 20170810b un ||||| |||| 00| 0 ukr d
100 _aВо Ивлин
090 _a821.161.1
_bВ61
942 _cBK
040 _aUA-OsUOA
_brus
_cUA-OsUOA
_dUA-OsUOA
245 _aИзбранное
300 _a597 с.
955 _a3
041 _arus
080 _a821.161.1
260 _aКишинев
_bЛумина
_c1978
650 7 _a82 Література. Літературознавство
_2UDC
999 _c411597
_d411597